书目信息 |
| 题名: |
地图3000年
|
|
| 作者: | 伯格 著 ;张佳静 译 | |
| 分册: | ||
| 出版信息: | 北京 中信出版集团股份有限公司 2021 |
|
| 页数: | 340页 | |
| 开本: | 23cm | |
| 丛书名: | ||
| 单 册: | ||
| 中图分类: | P28-091 | |
| 科图分类: | ||
| 主题词: | 地图--历史--世界 | |
| 电子资源: | ||
| ISBN: | 978-7-5217-2040-2 | |
| 000 | 01067nam0 2200265 450 | |
| 001 | 2131397847 | |
| 005 | 20211117084324.03 | |
| 010 | @a978-7-5217-2040-2@dCNY128.00 | |
| 100 | @a20210318d2021 em y0chiy0110 ea | |
| 101 | 1 | @achi@cnor |
| 102 | @aCN@b110000 | |
| 105 | @aab z 000yy | |
| 200 | 1 | @a地图3000年@9di tu 3000 nian@b专著@e从神秘符号到谷歌地图@f(挪)托马斯·伯格著@g张佳静译 |
| 210 | @a北京@c中信出版集团股份有限公司@d2021 | |
| 215 | @a340页@c图,地图@d23cm | |
| 312 | @a封面英文题名:The maps that made history theater of the world | |
| 330 | @a本书内容包括:世界皆舞台;世界上最早的地图;神圣地理学;河墉边的青蛙;探索远方;第一本地图集;大测绘;北方未知之地;空中俯视;蓝色星球等。 | |
| 510 | 1 | @aMaps that made history@etheater of the world@zeng |
| 517 | 1 | @a从神秘符号到谷歌地图@9cong shen mi fu hao dao gu ge di tu |
| 606 | 0 | @a地图@x历史@y世界 |
| 690 | @aP28-091@v5 | |
| 701 | 1 | @c(挪)@a伯格@9bo ge@c(Berg, Thomas Reinertsen)@4著 |
| 702 | 0 | @a张佳静@9zhang jia jing@4译 |
| 801 | 0 | @aCN@b山东中教@c20211112 |
| 905 | @aZUCC@dP28-091@e2 | |
| 地图3000年:从神秘符号到谷歌地图/(挪)托马斯·伯格著/张佳静译.-北京:中信出版集团股份有限公司,2021 |
| 340页:图,地图;23cm |
| ISBN 978-7-5217-2040-2:CNY128.00 |
| 本书内容包括:世界皆舞台;世界上最早的地图;神圣地理学;河墉边的青蛙;探索远方;第一本地图集;大测绘;北方未知之地;空中俯视;蓝色星球等。 |
| ● |
| 相关链接 |
|
|
|
正题名:地图3000年
索取号:P28-091/2
 
预约/预借
| 序号 | 登录号 | 条形码 | 馆藏地/架位号 | 状态 | 备注 |
| 1 | 2000890044 | 2000890044 | 第三书库/ [索取号:P28-091/2] | 在馆 | |
| 2 | 2000890045 | 2000890045 | 第三书库/ [索取号:P28-091/2] | 在馆 | |
| 3 | 2000890046 | 2000890046 | 第三书库/ [索取号:P28-091/2] | 在馆 |